[Event "Antalya op"]
[Site "Antalya"]
[Date "2011.01.09"]
[Round "3"]
[White "Degirmenci, Salih Fevzi"]
[Black "Burcu, Cagatay"]
[Result "0-1"]
[WhiteElo "1754"]
[BlackElo "1887"]
[PlyCount "150"]
[EventDate "2011.01.08"]
[EventType "swiss"]
[EventRounds "9"]
[EventCountry "TUR"]
[SourceTitle "EXT 2012"]
[Source "ChessBase"]
[SourceDate "2011.11.24"]
[SourceVersion "1"]
[SourceVersionDate "2011.11.24"]
[SourceQuality "1"]

1. e4 e6 2. d4 d5 3. exd5 exd5 4. Nf3 Nf6 5. Be2 Bd6 6. Bg5 Bf5 7. 0-0 Nbd7 8. c4 dxc4 9. Bxc4 0-0 10. Nc3 a6 11. Bd3 Bg6 12. Bxg6 hxg6 13. Ne4 Be7 14. Nxf6+ Bxf6 15. Bxf6 Nxf6 16. Qc2 c6 17. Rfe1 Qd6 18. Qc5 Qxc5 19. dxc5 Rfe8 20. h3 Nd5 21. a3 f6 22. Nd2 Nf4 23. b4 Nd3 24. Rxe8+ Rxe8 25. Kf1 a5 26. Rb1 axb4 27. axb4 Rd8 28. Nc4 Rd4 29. Na5 Nxb4 30. Nxb7 Rc4 31. Nd6 Rd4 32. Nb7 Kf8 33. Nd8 Rxd8 34. Rxb4 Rd1+ 35. Ke2 Rc1 36. Rb8+ Kf7 37. Rb7+ Kg8 38. h4 Rxc5 39. g3 Kh7 40. Rc7 Re5+ 41. Kd3 Rd5+ 42. Ke3 c5 43. f4 g5 44. hxg5 fxg5 45. Ke4 Rd4+ 46. Ke3 gxf4+ 47. gxf4 Rc4 48. f5 Kg8 49. Kd3 Rd4+ 50. Ke3 Rc4 51. Kd3 Rc1 52. Kd2 Rg1 53. Rxc5 Rg3 54. Re5 Kf7 55. Re3 Rg5 56. Kd3 Rxf5 57. Ke4 Kf6 58. Ra3 Rf1 59. Ra6+ Kg5 60. Ra5+ Kg4 61. Ke3 g5 62. Ra4+ Kg3 63. Ke2 Rf5 64. Ra3+ Kg2 65. Ra4 Rf4 66. Ra5 g4 67. Rg5 g3 68. Rg8 Kh2 69. Rh8+ Kg1 70. Rg8 g2 71. Rg7 Rf5 72. Rg8 Rf7 73. Ra8 Rh7 74. Rg8 Kh1 75. Kf2 Rf7+ 0-1

[Event "Antalya op"]
[Site "Antalya"]
[Date "2011.01.08"]
[Round "2"]
[White "Aydin, Ismail"]
[Black "Degirmenci, Salih Fevzi"]
[Result "0-1"]
[WhiteElo "1870"]
[BlackElo "1754"]
[PlyCount "80"]
[EventDate "2011.01.08"]
[EventType "swiss"]
[EventRounds "9"]
[EventCountry "TUR"]
[SourceTitle "EXT 2012"]
[Source "ChessBase"]
[SourceDate "2011.11.24"]
[SourceVersion "1"]
[SourceVersionDate "2011.11.24"]
[SourceQuality "1"]

1. d4 d5 2. c4 e6 3. Nc3 Nf6 4. Nf3 Be7 5. e3 0-0 6. Bd3 dxc4 7. Bxc4 c6 8. 0-0 Nbd7 9. Re1 b5 10. Bd3 b4 11. Ne2 c5 12. b3 Bb7 13. Bb2 a5 14. Rc1 cxd4 15. Nexd4 e5 16. e4 exd4 17. e5 Nd5 18. Nxd4 Nf4 19. Bb1 Nxg2 20. Re4 Nh4 21. Rg4 Nxe5 22. Rxg7+ Kxg7 23. Qh5 Rg8 24. Bxh7 Kf6+ 25. Kf1 Ba6+ 26. Ne2 Qd5 27. Rc6+ Bd6 28. Bxe5+ Qxe5 29. Qxh4+ Rg5 30. Qe4 Qa1+ 31. Qb1 Qxb1+ 32. Bxb1 Ke7 33. f4 Bxe2+ 34. Kxe2 Bxf4 35. h3 Rg3 36. Bf5 Rd8 37. Rc4 Rd2+ 38. Kf1 Rf3+ 39. Ke1 Rxa2 40. Bg4 Bg3+ 0-1